| 000 | 00491nam a2200097Ia 4500 | ||
|---|---|---|---|
| 008 | 180130s9999 xx 000 0 und d | ||
| 245 |
_cColenbrander, Darryl; Price, Penny; Oelofse, Gregg; Tsotsobe, Sakhile _aA coastal adaptation strategy for the city of Cape Town: an ecosystem-based management approach towards risk reduction |
||
| 260 | _c2013 | ||
| 300 | _aBook title: The role of ecosystems in disaster risk reduction--Acession number C17927; pages 164-190 | ||
| 650 | _aECOSYSTEM MANAGEMENT | ||
| 999 |
_c354551 _d354551 |
||